000
00306nam a2200133Ia 4500
005
20251222144729.0
008
251222s9999||||xx |||||||||||||| ||spa||
020
_a
958-607-846-9
082
_a
269.1/G65
100
_a
De Calcuta, Teresa
245
0
_a
Mis Oraciones:
264
_b
San Pablo
942
_c
LIB
999
_c
18499
_d
18499